| 000 | 01548nam a2200409Ii 4500 | ||
|---|---|---|---|
| 001 | DIGRAMA0060 | ||
| 003 | NyNyDIG | ||
| 007 | cr ||||||||||| | ||
| 008 | 220420s2014 sp a o 001 0 spa d | ||
| 006 | m o d | ||
| 035 | _a(OCoLC)1319852597 | ||
| 040 |
_aDGITA _beng _erda _epn _cDGITA |
||
| 020 |
_a9788499643366 _qeBook |
||
| 020 | _z9788492650828 | ||
| 050 | 1 | 4 | _aQA76.9.A25 ebook |
| 082 | 1 | 4 | _a005.8 |
| 100 | 1 |
_aCostas Santos, Jesús, _eauthor. |
|
| 245 | 1 | 0 |
_aMantenimiento de la seguridad en sistemas informáticos / _cJesús Costas Santos. |
| 264 | 1 |
_aParacuellos de Jarama, Madrid : _bStarbook, _c[2014] |
|
| 300 |
_a1 online resource : _billustrations. |
||
| 336 |
_atext _btxt _2rdacontent |
||
| 337 |
_acomputer _bc _2rdamedia |
||
| 338 |
_aonline resource _bcr _2rdacarrier |
||
| 347 |
_atext file _2rdaft |
||
| 347 | _bPDF | ||
| 500 | _a"Certificado de profesionalidad. MF0959_2" -- Cover. | ||
| 500 | _aIncludes index. | ||
| 588 | 0 | _aOnline resource; title from PDF title page (Digitalia, viewed April 20, 2022) | |
| 650 | 0 | _aComputer security. | |
| 655 | 0 | _aElectronic books. | |
| 791 | 2 |
_aDigitalia (Firm), _edistributor. |
|
| 793 | 0 |
_gDigitalia eBook Collection: _aRa-Ma Editorial |
|
| 776 | 0 | 8 |
_iPrint version: _aCostas Santos, Jesús. _tMantenimiento de la seguridad en sistemas informáticos. _dParacuellos de Jarama, Madrid : Starbook, [2011] _z9788492650828 |
| 856 | 4 | 0 |
_3Digitalia Hispánica _uhttps://www.digitaliapublishing.com/a/109927/ |
| 910 | _aPremium collection: 2022 | ||
| 942 | _cRAA | ||
| 999 |
_c272305 _d272305 |
||